Think tanks, public policy, and the politics of expertise

Αποθηκεύτηκε σε:
Λεπτομέρειες βιβλιογραφικής εγγραφής
Κύριος συγγραφέας: Rich, Andrew
Μορφή: Βιβλίο
Γλώσσα:English
Δημοσίευση: Cambridge : cambridge University Press, c 2004
Θέματα:
Ετικέτες: Προσθήκη ετικέτας
Δεν υπάρχουν, Καταχωρήστε ετικέτα πρώτοι!

MARC

LEADER 00000nam a2200000 i 4500
001 1/66380
008 041122u2004 eng d
020 |a 0-521-83029-X 
035 |l 10075387 
040 |a GR-MY-UA  |b gre  |e aacr 
041 0 |a eng 
082 0 |a 320.060973 
100 1 |a Rich, Andrew. 
245 1 0 |a Think tanks, public policy, and the politics of expertise /  |c Andrew Rich 
260 |a Cambridge :   |b cambridge University Press,   |c c 2004 
300 |a 258 p. 
504 |a Includes bibliographical references and index 
650 0 0 |a Policy sciences  |x Research  |z United States. 
650 0 0 |a Policy scientists  |z United States. 
650 0 0 |a Research institutes  |z United States. 
650 0 0 |a Nonprofit organizations  |z United States. 
650 0 0 |a Expertise  |x political aspects  |z United States. 
852 |a INST  |b RHODES  |e 20041122  |h 320.060973 RIC  |p 005400018222  |q 005400018222  |t BK  |y 0 
901 |a BIBL4-2004-3 
909 |a Ρ  |b 110162 
920 |a ΕΡΓΑΣΤΗΡΙΟ ΜΕΣΟΓΕΙΑΚΗΣ ΠΟΛΙΤΙΚΗΣ  |b ΕΠΕΑΕΚ-ΤΜΣ  |y ΡΟΔΟΣ  |z 2004-11 
970 |z 2004/11/22